| 000 | 01467nam a22003257a 4500 | ||
|---|---|---|---|
| 001 | ENG-90538 | ||
| 005 | 20080625082113.0 | ||
| 006 | a|||||r|||||00| 0 | ||
| 008 | 071015s2008 nyua | b 001 0 eng | ||
| 010 | _aENG-90538 | ||
| 020 |
_a0070248664 _c495.00 |
||
| 035 | _aEN-74071 | ||
| 037 | _bDBAD / PUB | ||
| 040 |
_aDPL _bEN |
||
| 082 | _a332.63 | ||
| 100 | _aSiegel, Jeremy J. | ||
| 245 |
_aStocks for the long run : _bthe definitive guide to financial market returns and long-term investment strategies / _cby Jeremy J. Siegel. |
||
| 250 | _a4th ed. | ||
| 260 |
_aNew Delhi _bTata McGraw-Hill Publishing _c2008. |
||
| 300 |
_axxii, 380 p. : _bill. ; _c25 cm. |
||
| 500 | _aIncludes bibliographical references and index. | ||
| 505 | _aStock and bond returns since 1802 -- Risk, return, and portfolio allocation : why stocks are less risky than bonds in the long-run -- Stock indexes: proxies for the market -- The S&P 500 index: a half-century of U.S. corporate history -- The impact of tax | ||
| 650 | _aStocks. | ||
| 650 |
_aStocks _xHistory. |
||
| 650 | _aRate of return. | ||
| 650 |
_aStocks _xRate of return. |
||
| 942 |
_2ddc _cEN _h332.63 _mSIE |
||
| 999 |
_c14494 _d14494 |
||